<?xml version="1.0" encoding="UTF-8"?>
<collection xmlns="http://www.loc.gov/MARC21/slim">
 <record>
  <leader>00683pamaa2200169   4500</leader>
  <controlfield tag="001">0000021349</controlfield>
  <controlfield tag="005">20060419090000.0</controlfield>
  <datafield tag="020" ind1="0" ind2="0">
   <subfield code="a">0300068158 (pbk) </subfield>
  </datafield>
  <datafield tag="082" ind1=" " ind2=" ">
   <subfield code="a">577.27 WHE 1996</subfield>
  </datafield>
  <datafield tag="090" ind1="0" ind2="0">
   <subfield code="a">QH545.A1 </subfield>
   <subfield code="b">WHE 1996</subfield>
  </datafield>
  <datafield tag="100" ind1="1" ind2="0">
   <subfield code="a">WHEELWRIGHT </subfield>
  </datafield>
  <datafield tag="245" ind1="1" ind2="0">
   <subfield code="a">Degrees of disaster : </subfield>
   <subfield code="b">Prince William Sound : how nature reels and rebounds  </subfield>
   <subfield code="c">Jeff Wheelwright.</subfield>
  </datafield>
  <datafield tag="260" ind1="0" ind2="0">
   <subfield code="a">New Haven : Yale University Press, 1996.</subfield>
  </datafield>
  <datafield tag="300" ind1=" " ind2=" ">
   <subfield code="a">348 p. : map ; 23 cm..</subfield>
  </datafield>
  <datafield tag="650" ind1="0" ind2="0">
   <subfield code="a">Ecology -- </subfield>
   <subfield code="z">Alaska -- </subfield>
   <subfield code="z">Prince William Sound Region </subfield>
  </datafield>
  <datafield tag="650" ind1="0" ind2="0">
   <subfield code="a">Earthquakes -- </subfield>
   <subfield code="x">Environmental aspects -- </subfield>
   <subfield code="z">Alaska -- </subfield>
   <subfield code="z">Prince William Sound Region </subfield>
  </datafield>
  <datafield tag="650" ind1="0" ind2="0">
   <subfield code="a">Oil spills -- </subfield>
   <subfield code="x">Environmental aspects -- </subfield>
   <subfield code="z">Alaska -- </subfield>
   <subfield code="z">Prince William Sound </subfield>
  </datafield>
 </record>
</collection>
